000 00763nam a2200277Ia 4500
003 OSt
005 20250929184748.0
008 210423s1996 xx 000 0 und d
040 _cAL
041 _aEnglish
082 _a305.235
_bFERH
100 _aAlbano Fernandes
_9101690
245 _aHow to book for youth leaders
260 _aBombay
_bDon Bosco Communications
_c1996
300 _av,26
_bPB
365 _b80
_cINR
650 _aSocial Groups
_9101691
650 _aSocial Sciences
_9101692
700 _aSaldanha, Kennedy
_9240943
700 _aDoulton, Ian
_9240944
700 _aBraganza, Lionel
_9240945
700 _aCarvalho, Nelson
_9240946
700 _aGonsalves, Peter
_9240947
906 _aHow ; leaders. ; youth
942 _2ddc
_cBK
999 _c171790
_d171790